Cytosol ou mitochondrie - Statistiques

Statistiques générales
  • Ce quiz a été pris 10 fois
  • Le résultat moyen est 4 sur 9
Statistiques - réponses
Question Réponse % Correct
Cycle du citrate Mitochondrie
71%
Phosphorylation oxidative Mitochondrie
71%
Synthèse des acides gras Cytosol
57%
Beta oxydation des acides gras Mitochondrie
57%
Glycolyse Cytosol
43%
Pentose Phopshare Cytosol
29%
Réserves énergétiques Cytosol
29%
Cétogenèse Mitochondrie
29%
Carrefour du métabolisme des glucides, lipides, protéines Mitochondrie
14%
Aucun quiz correspondant
Distribution des résultats
% des personnes avec chaque résultat
Percentile par nombre de réponses
Votre historique - résultats
Vous n’avez pas pris ce quiz